<?xml version="1.0" encoding="UTF-8"?>
<record
    xmlns:xsi="http://www.w3.org/2001/XMLSchema-instance"
    xsi:schemaLocation="http://www.loc.gov/MARC21/slim http://www.loc.gov/standards/marcxml/schema/MARC21slim.xsd"
    xmlns="http://www.loc.gov/MARC21/slim">

  <leader>00383nam a2200145Ia 4500</leader>
  <controlfield tag="008">191201s2008    xx            000 0 und d</controlfield>
  <datafield tag="082" ind1=" " ind2=" ">
    <subfield code="a">005.131</subfield>
    <subfield code="b">XAT</subfield>
  </datafield>
  <datafield tag="100" ind1=" " ind2=" ">
    <subfield code="a">EUGENE XAVIER, SP</subfield>
  </datafield>
  <datafield tag="245" ind1=" " ind2="0">
    <subfield code="a">Theory of Automata, Formal Languages and Computation</subfield>
  </datafield>
  <datafield tag="250" ind1=" " ind2=" ">
    <subfield code="a">Rep.</subfield>
  </datafield>
  <datafield tag="260" ind1=" " ind2=" ">
    <subfield code="a">N.Delhi</subfield>
    <subfield code="b">New Age International</subfield>
    <subfield code="c">2008</subfield>
  </datafield>
  <datafield tag="300" ind1=" " ind2=" ">
    <subfield code="a">345</subfield>
  </datafield>
  <datafield tag="650" ind1=" " ind2=" ">
    <subfield code="a">B.Tech(IT)</subfield>
  </datafield>
  <datafield tag="942" ind1=" " ind2=" ">
    <subfield code="2">ddc</subfield>
    <subfield code="c">BK</subfield>
  </datafield>
  <datafield tag="999" ind1=" " ind2=" ">
    <subfield code="c">3579</subfield>
    <subfield code="d">3579</subfield>
  </datafield>
  <datafield tag="952" ind1=" " ind2=" ">
    <subfield code="0">0</subfield>
    <subfield code="1">0</subfield>
    <subfield code="2">ddc</subfield>
    <subfield code="4">0</subfield>
    <subfield code="7">0</subfield>
    <subfield code="8">BTECHIT</subfield>
    <subfield code="a">PIET</subfield>
    <subfield code="b">PIET</subfield>
    <subfield code="d">2008-11-07</subfield>
    <subfield code="e">J B C, New Delhi</subfield>
    <subfield code="g">140.00</subfield>
    <subfield code="k">SI-4097</subfield>
    <subfield code="l">3</subfield>
    <subfield code="o">005.131 XAT</subfield>
    <subfield code="p">9945</subfield>
    <subfield code="r">2023-06-03 00:00:00</subfield>
    <subfield code="s">2022-08-29</subfield>
    <subfield code="w">2008-10-16</subfield>
    <subfield code="y">BK</subfield>
  </datafield>
  <datafield tag="952" ind1=" " ind2=" ">
    <subfield code="0">0</subfield>
    <subfield code="1">0</subfield>
    <subfield code="2">ddc</subfield>
    <subfield code="4">0</subfield>
    <subfield code="7">0</subfield>
    <subfield code="8">BTECHIT</subfield>
    <subfield code="a">PIET</subfield>
    <subfield code="b">PIET</subfield>
    <subfield code="d">2008-11-07</subfield>
    <subfield code="e">J B C, New Delhi</subfield>
    <subfield code="g">140.00</subfield>
    <subfield code="k">SI-4097</subfield>
    <subfield code="l">0</subfield>
    <subfield code="o">005.131 XAT</subfield>
    <subfield code="p">9946</subfield>
    <subfield code="r">2019-12-04 00:00:00</subfield>
    <subfield code="w">2008-10-16</subfield>
    <subfield code="y">BK</subfield>
  </datafield>
  <datafield tag="952" ind1=" " ind2=" ">
    <subfield code="0">0</subfield>
    <subfield code="1">0</subfield>
    <subfield code="2">ddc</subfield>
    <subfield code="4">0</subfield>
    <subfield code="7">0</subfield>
    <subfield code="8">BTECHIT</subfield>
    <subfield code="a">PIET</subfield>
    <subfield code="b">PIET</subfield>
    <subfield code="d">2008-11-07</subfield>
    <subfield code="e">J B C, New Delhi</subfield>
    <subfield code="g">140.00</subfield>
    <subfield code="k">SI-4097</subfield>
    <subfield code="l">4</subfield>
    <subfield code="o">005.131 XAT</subfield>
    <subfield code="p">9947</subfield>
    <subfield code="r">2025-12-10 00:00:00</subfield>
    <subfield code="s">2025-11-26</subfield>
    <subfield code="w">2008-10-16</subfield>
    <subfield code="y">BK</subfield>
  </datafield>
  <datafield tag="952" ind1=" " ind2=" ">
    <subfield code="0">0</subfield>
    <subfield code="1">0</subfield>
    <subfield code="2">ddc</subfield>
    <subfield code="4">0</subfield>
    <subfield code="7">0</subfield>
    <subfield code="8">BTECHIT</subfield>
    <subfield code="a">PIET</subfield>
    <subfield code="b">PIET</subfield>
    <subfield code="d">2008-11-07</subfield>
    <subfield code="e">J B C, New Delhi</subfield>
    <subfield code="g">140.00</subfield>
    <subfield code="k">SI-4097</subfield>
    <subfield code="l">2</subfield>
    <subfield code="o">005.131 XAT</subfield>
    <subfield code="p">9948</subfield>
    <subfield code="r">2022-10-13 00:00:00</subfield>
    <subfield code="s">2022-09-28</subfield>
    <subfield code="w">2008-10-16</subfield>
    <subfield code="y">BK</subfield>
  </datafield>
  <datafield tag="952" ind1=" " ind2=" ">
    <subfield code="0">0</subfield>
    <subfield code="1">0</subfield>
    <subfield code="2">ddc</subfield>
    <subfield code="4">0</subfield>
    <subfield code="7">0</subfield>
    <subfield code="8">BTECHIT</subfield>
    <subfield code="a">PIET</subfield>
    <subfield code="b">PIET</subfield>
    <subfield code="d">2008-11-07</subfield>
    <subfield code="e">J B C, New Delhi</subfield>
    <subfield code="g">140.00</subfield>
    <subfield code="k">SI-4097</subfield>
    <subfield code="l">4</subfield>
    <subfield code="o">005.131 XAT</subfield>
    <subfield code="p">9949</subfield>
    <subfield code="r">2025-12-24 00:00:00</subfield>
    <subfield code="s">2025-12-13</subfield>
    <subfield code="w">2008-10-16</subfield>
    <subfield code="y">BK</subfield>
  </datafield>
  <datafield tag="952" ind1=" " ind2=" ">
    <subfield code="0">0</subfield>
    <subfield code="1">0</subfield>
    <subfield code="2">ddc</subfield>
    <subfield code="4">0</subfield>
    <subfield code="7">0</subfield>
    <subfield code="8">BTECHIT</subfield>
    <subfield code="a">PIET</subfield>
    <subfield code="b">PIET</subfield>
    <subfield code="d">2008-11-07</subfield>
    <subfield code="e">J B C, New Delhi</subfield>
    <subfield code="g">140.00</subfield>
    <subfield code="k">SI-4097</subfield>
    <subfield code="l">2</subfield>
    <subfield code="o">005.131 XAT</subfield>
    <subfield code="p">9950</subfield>
    <subfield code="r">2023-01-11 00:00:00</subfield>
    <subfield code="s">2022-12-30</subfield>
    <subfield code="w">2008-10-16</subfield>
    <subfield code="y">BK</subfield>
  </datafield>
  <datafield tag="952" ind1=" " ind2=" ">
    <subfield code="0">0</subfield>
    <subfield code="1">0</subfield>
    <subfield code="2">ddc</subfield>
    <subfield code="4">0</subfield>
    <subfield code="7">0</subfield>
    <subfield code="8">BTECHIT</subfield>
    <subfield code="a">PIET</subfield>
    <subfield code="b">PIET</subfield>
    <subfield code="d">2008-11-07</subfield>
    <subfield code="e">J B C, New Delhi</subfield>
    <subfield code="g">140.00</subfield>
    <subfield code="k">SI-4097</subfield>
    <subfield code="l">0</subfield>
    <subfield code="o">005.131 XAT</subfield>
    <subfield code="p">9951</subfield>
    <subfield code="r">2019-12-04 00:00:00</subfield>
    <subfield code="w">2008-10-16</subfield>
    <subfield code="y">BK</subfield>
  </datafield>
  <datafield tag="952" ind1=" " ind2=" ">
    <subfield code="0">0</subfield>
    <subfield code="1">0</subfield>
    <subfield code="2">ddc</subfield>
    <subfield code="4">0</subfield>
    <subfield code="7">0</subfield>
    <subfield code="8">BTECHIT</subfield>
    <subfield code="a">PIET</subfield>
    <subfield code="b">PIET</subfield>
    <subfield code="d">2008-11-07</subfield>
    <subfield code="e">J B C, New Delhi</subfield>
    <subfield code="g">140.00</subfield>
    <subfield code="k">SI-4097</subfield>
    <subfield code="l">4</subfield>
    <subfield code="o">005.131 XAT</subfield>
    <subfield code="p">9952</subfield>
    <subfield code="r">2025-12-24 00:00:00</subfield>
    <subfield code="s">2025-12-13</subfield>
    <subfield code="w">2008-10-16</subfield>
    <subfield code="y">BK</subfield>
  </datafield>
  <datafield tag="952" ind1=" " ind2=" ">
    <subfield code="0">0</subfield>
    <subfield code="1">0</subfield>
    <subfield code="2">ddc</subfield>
    <subfield code="4">0</subfield>
    <subfield code="7">0</subfield>
    <subfield code="8">BTECHIT</subfield>
    <subfield code="a">PIET</subfield>
    <subfield code="b">PIET</subfield>
    <subfield code="d">2008-11-07</subfield>
    <subfield code="e">J B C, New Delhi</subfield>
    <subfield code="g">140.00</subfield>
    <subfield code="k">SI-4097</subfield>
    <subfield code="l">4</subfield>
    <subfield code="o">005.131 XAT</subfield>
    <subfield code="p">9953</subfield>
    <subfield code="r">2025-12-24 00:00:00</subfield>
    <subfield code="s">2025-12-13</subfield>
    <subfield code="w">2008-10-16</subfield>
    <subfield code="y">BK</subfield>
  </datafield>
  <datafield tag="952" ind1=" " ind2=" ">
    <subfield code="0">0</subfield>
    <subfield code="1">0</subfield>
    <subfield code="2">ddc</subfield>
    <subfield code="4">0</subfield>
    <subfield code="7">0</subfield>
    <subfield code="8">BTECHIT</subfield>
    <subfield code="a">PIET</subfield>
    <subfield code="b">PIET</subfield>
    <subfield code="d">2008-11-07</subfield>
    <subfield code="e">J B C, New Delhi</subfield>
    <subfield code="g">140.00</subfield>
    <subfield code="k">SI-4097</subfield>
    <subfield code="l">3</subfield>
    <subfield code="o">005.131 XAT</subfield>
    <subfield code="p">9954</subfield>
    <subfield code="r">2025-12-10 00:00:00</subfield>
    <subfield code="s">2025-11-19</subfield>
    <subfield code="w">2008-10-16</subfield>
    <subfield code="y">BK</subfield>
  </datafield>
</record>
